| 000 | 00870cab a22002415a 4500 | ||
|---|---|---|---|
| 001 | L159945 | ||
| 008 | 150113e2017 xxk 000 0 eng d | ||
| 035 | _a(Sirsi) u159945 | ||
| 041 | 0 | _aeng | |
| 050 | _a711.1 $2 18 | ||
| 100 | 1 | _aClack, Amanda | |
| 245 | 0 | 0 |
_aInfrastructure and innovation _h[electronic resource] |
| 260 |
_aLondon _bRICS _c2017 |
||
| 490 |
_aRICS Building Surveying Journal _vMarch - April 2017, 16(1) |
||
| 520 | _aSurveyors need to join the data revolution to support infrastructure development and foster the skills that will ensure the profession?s future. | ||
| 650 | 2 | 4 | _aDATA MANAGEMENT |
| 650 | 2 | 4 | _aDIGITAL TECHNOLOGY |
| 651 | 4 |
_aUnited Kingdom _y |
|
| 690 |
_aInfrastructure _96246 |
||
| 856 | 4 | 0 |
_uhttps://issuu.com/ricsmodus/docs/building_surveying_journal_march_ap _yAvailable free online via Issuu |
| 856 | 4 | 0 |
_u _z |
| 942 | _n0 | ||
| 999 |
_c85070 _d85070 |
||